|
|
|
|
| LEADER |
01034nam a22003012a 4500 |
| 001 |
000058007 |
| 003 |
CZ BrMZK |
| 005 |
20060622135328.0 |
| 007 |
ta |
| 008 |
950407s1989 xo f slo d |
| 040 |
|
|
|a BOA001
|b cze
|
| 041 |
0 |
|
|a slo
|b eng
|b ger
|b rus
|
| 080 |
|
|
|a 111.852
|2 MRF
|
| 080 |
|
|
|a 7.01
|2 MRF
|
| 100 |
1 |
|
|a Váross, Marian,
|d 1923-1988
|7 ola2003162708
|4 aut
|
| 245 |
1 |
0 |
|a Od tvorivosti k tvorbe :
|b teória estetickej a umeleckej praxe /
|c Marian Váross ; doslov napísal Vladimír Brožík
|
| 250 |
|
|
|a 1. vyd.
|
| 260 |
|
|
|a Bratislava :
|b Tatran,
|c 1989
|
| 300 |
|
|
|a 263 s.
|
| 490 |
1 |
|
|a Okno ;
|v zv. 62
|
| 546 |
|
|
|a Anglické, německé a ruské resumé
|
| 830 |
|
0 |
|a Okno
|
| 910 |
|
|
|a BOA001
|b PK-0110.691
|b 2-0946.417
|
| 920 |
|
|
|a 000007770
|
| 964 |
|
|
|a Tvorba umělecká - estetika
|
| 990 |
|
|
|a BK
|
| 996 |
7 |
|
|b 2619970501
|c 2-0946.417
|l MZK
|r Sklad / do 1 hodiny
|n 3
|w 000058007
|u 000020
|a 1
|e BOA001
|j MZK50
|s A
|
| 996 |
7 |
|
|b 3119974835
|c PK-0110.691
|l MZK
|r Sklad / do 1 hodiny
|n 0
|w 000058007
|u 000010
|a 1
|e BOA001
|j MZK50
|s A
|